Indian Journal of Chemistry Section A (Record no. 9712)

MARC details
000 -LEADER
fixed length control field 00404nam a22001217a 4500
003 - CONTROL NUMBER IDENTIFIER
control field OSt
008 - FIXED-LENGTH DATA ELEMENTS--GENERAL INFORMATION
fixed length control field 201203b ||||| |||| 00| 0 eng d
245 ## - TITLE STATEMENT
Title Indian Journal of Chemistry Section A
250 ## - EDITION STATEMENT
Edition statement 2015(Jul Vol.54A No.7, Aug Vol.54A No.8, Sep Vol.54A No.9, Oct Vol.54A No.10, Nov Vol.54A No.11, Dec Vol.54A No.12)
260 ## - PUBLICATION, DISTRIBUTION, ETC. (IMPRINT)
Place of publication, distribution, etc New Delhi
Name of publisher, distributor, etc CSIR-NISCAIR
650 ## - SUBJECT ADDED ENTRY--TOPICAL TERM
Topical term or geographic name as entry element Applied Science
942 ## - ADDED ENTRY ELEMENTS (KOHA)
Source of classification or shelving scheme Dewey Decimal Classification
Koha item type BOUND VOLUME
Holdings
Withdrawn status Lost status Source of classification or shelving scheme Materials specified (bound volume or other part) Damaged status Not for loan Collection code Home library Current library Date acquired Source of acquisition Serial Enumeration / chronologySerial Enumeration / Volume No. Total Checkouts Acc. no. / Barcode Date last seen Bill Date Koha item type
    Dewey Decimal Classification Bound Volume   Not For Loan Applied Sc. PIET C-LIBRARY PIET C-LIBRARY 11/12/2020 CSIR-NISCAIR 2015(Jul Vol.54A No.7, Aug Vol.54A No.8, Sep Vol.54A No.9, Oct Vol.54A No.10, Nov Vol.54A No.11, Dec Vol.54A No.12)   BV285 11/12/2020 09/01/2015 BOUND VOLUME

Design & Developed by: PIET Central Library
R70 Miles Stone Pattikalyana Samalkha Panipat 132102
mail ID :- [email protected], Phone No:- 0180-2569700 Ex.216